| 000 | 00445nam a22001577a 4500 | ||
|---|---|---|---|
| 003 | OSt | ||
| 008 | 260429b |||||||| |||| 00| 0 eng d | ||
| 082 |
_a634.6 _bD18R |
||
| 100 | _aDas, Ajay Kumar | ||
| 245 | _aResponse of Bio-Regulators on Air Layering in Litchi (Litchi Chinensis Sonn.) var"Purbi" | ||
| 260 |
_aPusa, Samastipur _bRAU _c2003 |
||
| 300 | _a47P. | ||
| 502 |
_bMsc. _d2003 |
||
| 650 | _aFruit & Fruit Technology | ||
| 942 |
_2ddc _cT |
||
| 999 |
_c50276 _d50276 |
||